000 00833nam a22003137a 4500
001 BR9505489
003 BR-BrBNA
005 20230928094557.0
007 ta
008 230509b bl.||||| |||| 00| 0 por d
040 _aBR-BrBNA
_bpor
_cBiblioteca Nacional de Agricultura
041 _a(Por)
072 _aF04
_b3853
090 _ 3853 BR9505489
100 1 _aBoaretto, A.E.
100 1 _aCruz, A. de P.
100 1 _aLuz, P.H. de C.
110 1 _aFundacao Cargill, Campinas, SP (Brasil)
245 1 _aAdubo liquido: producao e uso no Brasil
250 1 _a2. ed.
260 3 _aCampinas, SP (Brasil):
_c1994.
300 _a129 p.
500 _a54 ref.; 29 tables; 44 illus.
650 _aAdubo Liquido
650 _aMateria Prima
650 _aTransporte
909 _a202309
_bLucia
_c55
_dLucia Elande
942 _cBK
999 _c51449
_d51449